Fr. Conceicao Rodrigues College of Engineering

Database Management Systems (Record no. 35201)

MARC details
000 -LEADER
fixed length control field 00366nam a2200157Ia 4500
082 ## - DEWEY DECIMAL CLASSIFICATION NUMBER
Classification number 005.74/RAM
Item number RAM
100 ## - MAIN ENTRY--PERSONAL NAME
Personal name Ramakrishnan/Raghu/ Gehrke/Johannes
250 ## - EDITION STATEMENT
Edition statement 3
245 ## - TITLE STATEMENT
Title Database Management Systems
260 ## - PUBLICATION, DISTRIBUTION, ETC.
Name of publisher, distributor, etc. McGraw Hill International
Place of publication, distribution, etc. Boston
Date of publication, distribution, etc. 2003
366 ## - TRADE AVAILABILITY INFORMATION
Publishers's discount category 15
300 ## - PHYSICAL DESCRIPTION
Extent 1065
546 ## - LANGUAGE NOTE
Language note ENGLISH
654 ## - SUBJECT ADDED ENTRY--FACETED TOPICAL TERMS
Focus term database
942 ## - ADDED ENTRY ELEMENTS (KOHA)
Koha item type BOOK
Holdings
Withdrawn status Lost status Damaged status Not for loan Collection Home library Current library Shelving location Date acquired Source of acquisition Cost, normal purchase price Total Checkouts Full call number Barcode Date last seen Cost, replacement price Price effective from Koha item type Date due Date last checked out
        CRC Fr. Agnel's C.Rodrigues College of Engineering Fr. Agnel's C.Rodrigues College of Engineering   17/03/2023 Unique Book Distributors 335.17   005.74/RAM RAM 16256 17/03/2023 350.17   BOOK    
        CRC Fr. Agnel's C.Rodrigues College of Engineering Fr. Agnel's C.Rodrigues College of Engineering   17/03/2023 Unique Book Distributors 335.17   005.74/RAM RAM 16258 17/03/2023 350.17   BOOK    
        CRC Fr. Agnel's C.Rodrigues College of Engineering Fr. Agnel's C.Rodrigues College of Engineering   17/03/2023 Unique Book Distributors 335.17 1 005.74/RAM RAM 16259 25/01/2024 350.17   BOOK   12/06/2023
        CRC Fr. Agnel's C.Rodrigues College of Engineering Fr. Agnel's C.Rodrigues College of Engineering   17/03/2023 Unique Book Distributors 335.17   005.74/RAM RAM 16260 17/03/2023 350.17   BOOK    
        CRC Fr. Agnel's C.Rodrigues College of Engineering Fr. Agnel's C.Rodrigues- College of Engineering   17/03/2023 Unique Book Distributors 335.17 1 005.74/RAM RAM 16257 12/06/2023 350.17   BOOK 26/08/2014 12/06/2023